000 00606nam a2200169Ia 4500
008 220216s9999 xx 000 0 und d
100 _aPushpadas M.V.
245 0 _aNutritional requirements and manurial recommendations
260 _bIn: Handbook of natural rubber production in India. (Ed. P.N. Radhakrishna Pillay). Rubber Research Institute of India, Kottayam, India, pp. 159-185.
_c1980
650 _aFertilizer application
650 _aFertilizer recommendation
650 _aMacronutrient
650 _aNutrient deficiency
650 _aNutrient uptake
700 _aAhammed M.
942 _cBS
999 _c48729
_d48729